Každodennost studentů na přelomu 19. a 20. století
| Titel: | Každodennost studentů na přelomu 19. a 20. století |
|---|---|
| Verfasser: | |
| In: |
JUDr. Václav Kounic a jeho doba, (2009), Seite 337-343 alle Artikel anzeigen |
| Veröffentlicht: | 2009 |
| Format: | Aufsatz |
| Sprache: | Tschechisch |
X
alg: 39340555
001A $01999:12-11-16
001B $01999:28-04-17 $t15:50:14.000
001D $01999:12-11-16
001U $0utf8
001X $00
002@ $0Aox
003@ $0393405559
007A $0393405559 $aHEB
007T $0Herdpp153505
010@ $acze
011@ $a2009
021A $aKaždodennost studentů na přelomu 19. a 20. století
028A $aPokludová $dAndrea
031A $h337-343 $j2009
037A $aRés. angl. s. 343: Everyday Life of Students at the Turn of the 19th and 20th Century
039B $aIn $8--Aau--. JUDr. Václav Kounic a jeho doba. - Vyd. 1.. - Brno : Matice Moravská {[u.a.], 2009. - 359, XLVIII S.. - Ill.. - ISBN 978-80-86488-61-5 $x200900000000000663 $9245963596
lok: 39340555 78
exp: 39340555 78 1 #EPN
201B/01 $026-11-17 $t03:17:16.000
201U/01 $0utf8
203@/01 $0789515970
208@/01 $a12-11-16 $be
209A/01 $a/ $f000 $x00
220C/01 $aHerkunft: Hú Av Čr Praha
244Z/01 $#Tschechien $#Tschechische Republik $#Tschechische Republik $#Tschechenland $#Tschechei Tschechien $#Česká Republika $#Czech Republic $#ČR $74303381-7 $8--Tg1--Tschechien $x01 $9086659812
244Z/01 $2Trx $#Böhmen $#Bohemia $#Czechy $8--Trx--Čechy $x02 $9391188941
244Z/01 $2Trx $#tudengid $#studentai $#students $#diákok $#studenci $#študenti $#studenti $8--Trx--Studenten $x03 $939137107X
244Z/01 $2Trx $#igapäevaelu $#kasdieninis gyvenimas $#everyday life $#mindennapi élet $#życie codzienne $#život každodenný $#život každodenní $8--Trx--Alltagsleben $x04 $9391363026
244Z/01 $2Trx $8--Trx--Einzelbeiträge $x05 $9391384570
247C/01 $82080>Marburg/Lahn, Herder-Institut, Forschungsbibliothek, Bibliographieportal $9336309341
| LEADER | 00000caa a22000002c 4500 | ||
|---|---|---|---|
| 001 | 393405559 | ||
| 003 | DE-603 | ||
| 005 | 20170428155014.0 | ||
| 007 | tu | ||
| 008 | 161112s2009 xx |||| | u00||u|cze c | ||
| 035 | |a (DE-599)HEB393405559 | ||
| 040 | |a DE-603 |b ger |c DE-603 |d DE-603 | ||
| 041 | |a cze | ||
| 100 | 1 | |a Pokludová, Andrea | |
| 245 | 0 | 0 | |a Každodennost studentů na přelomu 19. a 20. století |
| 264 | 0 | |c 2009 | |
| 500 | |a Rés. angl. s. 343: Everyday Life of Students at the Turn of the 19th and 20th Century | ||
| 773 | 0 | 8 | |i In |t JUDr. Václav Kounic a jeho doba |b Vyd. 1. |d Brno : Matice Moravská [u.a.], 2009 |h 359, XLVIII S., Ill. |z 9788086488615 |z 8086488616 |g (2009), Seite 337-343 |w (DE-603)245963596 |
| 924 | 0 | |9 2080 |a (DE-603)789515970 |b DE-2080 |c HES |d d |g / | |


